Manchester City UEFA Champions League Players - Statistics

General Stats
  • This quiz has been taken 404 times
    144 since last reset
  • The average score is 51 of 96
Answer Stats
The Cityzens % Correct
Bernardo Silva
95%
David Silva
95%
Ederson Moraes
93%
Sergio Agüero
93%
Phil Foden
91%
Erling Haaland
90%
John Stones
88%
Kevin De Bruyne
87%
Joe Hart
86%
Kyle Walker
86%
Raheem Sterling
86%
Vincent Kompany
86%
Rodri
85%
Nathan Aké
84%
Rúben Dias
84%
Jack Grealish
80%
Manuel Akanji
80%
İlkay Gündoğan
79%
Fernandinho
73%
Leroy Sané
71%
Riyad Mahrez
71%
Yaya Touré
71%
Jérémy Doku
70%
João Cancelo
68%
Stefan Ortega
68%
Edin Džeko
67%
Mario Balotelli
67%
Nicolás Otamendi
67%
Oleksandr Zinchenko
67%
Aymeric Laporte
66%
Joško Gvardiol
66%
Pablo Zabaleta
66%
Cole Palmer
65%
Gabriel Jesus
65%
Gaël Clichy
65%
Aleksandar Kolarov
64%
Rico Lewis
64%
Carlos Tévez
62%
Samir Nasri
62%
Scott Carson
62%
Savinho
60%
Claudio Bravo
59%
James Milner
59%
Julián Alvarez
59%
Fernando
58%
Omar Marmoush
58%
Oscar Bobb
57%
Bacary Sagna
55%
Gareth Barry
54%
Micah Richards
54%
Fabian Delph
53%
Martín Demichelis
52%
Mateo Kovačić
52%
Benjamin Mendy
51%
Joleon Lescott
50%
Kalvin Phillips
50%
Matheus Nunes
48%
Eric García
47%
Ferran Torres
47%
Javi García
47%
Jesús Navas
47%
Nico O'Reilly
43%
Álvaro Negredo
42%
Eliaquim Mangala
42%
James McAtee
42%
Frank Lampard
41%
Stevan Jovetić
41%
Abdukodir Khusanov
40%
Nolito
40%
Adam Johnson
39%
Nigel de Jong
38%
Wilfried Bony
38%
Willy Caballero
38%
Matija Nastasić
36%
Brahim Diaz
35%
Zack Steffen
35%
Jacob Wright
29%
Danilo
28%
Sergio Gómez
27%
Kelechi Iheanacho
25%
Angeliño
23%
Costel Pantilimon
23%
Liam Delap
22%
Stefan Savić
22%
Jack Rodwell
18%
Scott Sinclair
17%
Maicon
16%
Micah Hamilton
14%
Josh Wilson-Esbrand
12%
Tosin Adarabioyo
12%
Jahmai Simpson-Pusey
11%
Taylor Harwood-Bellis
10%
CJ Egan-Riley
8%
Pablo Maffeo
7%
Mahamadou Susoho
5%
Luke Mbete
4%
No matching quizzes found
Score Distribution
Percent of People with Each Score
Percentile by Number Answered
Your Score History
You have not taken this quiz since the last reset